LIBRARY & INFORMATION CENTRE, KCAET, TAVANUR

ONLINE PUBLIC ACCESS CATALOGUE (OPAC)

Bapu Ki Kalamse / (Record no. 2843)

MARC details
000 -LEADER
fixed length control field 00440cam a2200181ua 4500
041 ## - LANGUAGE CODE
Language code of text/sound track or separate title hin
082 ## - DEWEY DECIMAL CLASSIFICATION NUMBER
Classification number 891.54
Item number KAK/BA
100 ## - MAIN ENTRY--AUTHOR NAME
Personal name Kaka sahab, Kalelkar .
245 ## - TITLE STATEMENT
Title Bapu Ki Kalamse /
250 ## - EDITION STATEMENT
Edition statement 1 /
260 ## - PUBLICATION, DISTRIBUTION, ETC. (IMPRINT)
Place of publication :
Name of publisher Navjeevan Prakashan Mandir ,
Year of publication 1957.
300 ## - PHYSICAL DESCRIPTION
Number of Pages 454 ; .
942 ## - ADDED ENTRY ELEMENTS (KOHA)
Koha item type Books
Holdings
Withdrawn status Lost status Damaged status Home library Current library Date acquired Full call number Accession Number Koha item type
Withdrawn     KAUAET Kelappaji 07/04/2012 891.54 3237 Books
free website counter